Statistics for hardest NBA quiz ever

Click here to take the quiz!

General Stats

  • This quiz has been taken 157 times
    (146 since last reset)
  • The average score is 29 of 40

Answer Stats

HintAnswer% Correct
What NBA legend has his own shoe logo and is consider the GOAT won 5 MVPS, and 6 rings with the bullsmicheal jordan
98%
What NBA legend took the 76ers to the 2001 Nba finals but lostallen iverson
97%
What NBA Legend is the NBA logo,won a ring and has one finals MVPjerry west
96%
who scored 100 points on March 2, 1962 died in 1998 RIPwilt chamberlain
94%
what NBA legend has 11 rings, and 5 MVPS with Boston Celticsbill russell
89%
what NBA Legend was a 6,7 PG,who payed for the Lakers and won 3 MVPS and 5 ringsmagic johnson
89%
What NBA Legend was the first to average a triple double in a season, won an MVP and a ring with the bucksoscar robertson
89%
What NBA Legend,one of the greatest C of all time, won an MVP and has 4 rings, and is the greatest dynamic duo evershaqullie o'neal
88%
What NBA Legend who is still in the league has won 4 MVPS and 3 ringslebron james
86%
What NBA legend play his entire career with the Lakers and has won 5 ringskobe byrant
84%
What NBA Legend who is still in the league has won 2 back to back MVPS, and 2 ringsstephen curry
84%
What NBA legend play his entire career with the jazz,but never won a ringjohn stockton
83%
What NBA Legend, who was a PF for the Celtics,and Timberwolves, won a MVP and a ringkevin garnett
83%
What NBA Legend won 3 MVPS, ROY,and 3 rings with the celticslarry bird
83%
What NBA legend was draft in 1969 and later changed his namekareem abdul-jabbar
81%
What NBA Legend, PG,won 2 rings with the pistons,part of the Pistons bad boysIsiah Thomas
80%
What NBA Legend is consider one of the greatest PF of all time has won 2 MVPS and 5 rings with the spurstim duncan
80%
What 7,6, NBA Legend played for the rockets, came from chinayao ming
80%
What NBA legend who his entire career on the suns won 2 MVPS but never won a ringsteve nash
79%
What NBA Legend is know as pistol ____, one of the greatest shooters of all time, and died January 5, 1988 RIPpete maravich
78%
What Great NBA is the shortest to ever play( played for the hornets) standing at 5,3Muggsy Bogues
77%
What NBA legend is nicknamed "the glove" has won a ring and a DPOYgary payton
76%
Wat NBA Legend is consider one of the greatest PF of all time has one an MVP and a ring, played his entire career on the mavericks, from Germanydirk nowitzki
75%
What NBA Star,known for shooting his free throws under hand, won a ring with the lakersrick barry
75%
What NBA legend who is a C has won an MVP and 2 rings with the Spurs(In my opinion the third greatest C of all time)david robinson
74%
What coach has won the most rings six with the bulls and 5 with the lakersphil jackson
73%
What NBA Legend,one of the greatest rebounders of all time,won 2 DOY, and 5 rings, part of the Pistons bad boysDennis Rodman
72%
what 5,7 NBA star Won a dunk contestspud webb
70%
What NBA legend was an under sized PF,won an MVP, but never won a ringcharles barkley
67%
what NBA Legend, who was a C for the Rockets, won a MVP and 2 rings,and a DPOYKakeem Olajuwon
67%
What NBA player was nicknamed the white mamba, won a ring with the Celtics, and maybe one of the worst player to wing a ring everbrian scalabrine
64%
what decent NBA player/ future HOF/ won 7 ringsrobert horry
61%
What NBA Legend won 6 rings along with Bill Russell, and also won an MVPbob cousy
60%
What NBA legend is consider the greatest shot blocker of all time and won 4 DPOYdikembe mutombo
59%
What NBA legend Won the first official NBA MVPbob pettit
47%
What NBA Legend is consider the greatest 3 point shooter of all time and has won 2 rings(My favorite retired player)ray allen
44%
What NBA Star is nicknamed the franchise, won ROY with the rocketssteve francis
44%
What (could have been NBA Legend)played for the Celtics, but tragically died in 1993reggie lewis
32%
What NBA Legend who is often forgot,won 2 rings and an MVP with the Celticsdave cowens
30%
What NBA player is credited for creating the shamgod movegod shamgod
24%

Score Distribution

Percentile by Number Answered

Percent of People with Each Score

Your Score History

You have not taken this quiz since the last reset